ბათუმის შოთა რუსთაველის სახელმწიფო უნივერსიტეტის ბიბლიოთეკა

Управленический учет( с элеменетами финансового учета): (ბიბ.ჩანაწერი № 36965)

000 -LEADER
fixed length control field 00945nam a2200229Ia 4500
001 - CONTROL NUMBER
control field 2917
003 - CONTROL NUMBER IDENTIFIER
control field GE_BSU
008 - FIXED-LENGTH DATA ELEMENTS--GENERAL INFORMATION
fixed length control field 181216s||||||||xx |||||||||||||| ||und||
020 ## - INTERNATIONAL STANDARD BOOK NUMBER
International Standard Book Number 58622253890
040 ## - CATALOGING SOURCE
Transcribing agency GE_BSU
080 ## - UNIVERSAL DECIMAL CLASSIFICATION NUMBER
Universal Decimal Classification number 658.15(075.8)+657
245 ## - TITLE STATEMENT
Title Управленический учет( с элеменетами финансового учета):
245 ## - TITLE STATEMENT
Remainder of title Пособие для подгатовки Бухгалтеров- менжеров,Бухгалтеров Аналитиков по прогрмме магистра делового администрирования.
245 ## - TITLE STATEMENT
Statement of responsibility, etc. под. ред В . Палия И. Р. Вандер Вила
260 ## - PUBLICATION, DISTRIBUTION, ETC.
Place of publication, distribution, etc. Москва
260 ## - PUBLICATION, DISTRIBUTION, ETC.
Name of publisher, distributor, etc. ИНФРА-М
260 ## - PUBLICATION, DISTRIBUTION, ETC.
Date of publication, distribution, etc. 1997
300 ## - PHYSICAL DESCRIPTION
Extent 480 с. 21 см.
653 ## - INDEX TERM--UNCONTROLLED
Uncontrolled term Управленический учетс элеменеами финансового учет
942 ## - ADDED ENTRY ELEMENTS (KOHA)
Koha item type წიგნი
ეგზემპლარები
Withdrawn status Lost status Damaged status Not for loan Date acquired Barcode Date last seen Price effective from Koha item type Public note
        2018-12-17 8051 2018-12-17 2018-12-17 წიგნი დარბაქზი
        2018-12-17 8052 2018-12-17 2018-12-17 წიგნი დარბაზი
        2018-12-17 8053 2018-12-17 2018-12-17 წიგნი დარბაზი